000 00704nam a2200229Ia 4500
001 2971
003 GE_BSU
008 181216s||||||||xx |||||||||||||| ||und||
020 _a5282008327
040 _cGE_BSU
100 _aЛеонтьев, Всилий
245 _aМежотраслевая Экономика=INPUT-OUTPUT ERONOMICS
245 _bЭкономистеы - лауриаеты Нобелевской премии
245 _cНауч. ред. А.Г. Гранберг
260 _aЬосква
260 _b,,Экономика
260 _c1997
300 _a479 ст.
541 _h8 Л.85 Т.
653 _aМежотраслевая Экономик
942 _cBK
999 _c37018
_d37018